Polityka kadrowa w restrukturyzacji przemyslu.
Kvalifikácia priemyselných kádrov v Poľsku. Autor odmieta tvrdenie, že poľské kádre nie sú schopné konkurovať zahraničným odborníkom. Motivovanie pracovníkov na potrebné odmeňovanie. Stabilita zamestnanosti základných špeciálnych kádrov.
Gespeichert in:
| 1. Verfasser: | |
|---|---|
| Format: | Buchkapitel |
| Sprache: | Polnisch |
| Schlagworte: | |
| Tags: |
Keine Tags, Fügen Sie das erste Tag hinzu!
|
MARC
| LEADER | 00000naa a2200000 4500 | ||
|---|---|---|---|
| 001 | r009508 | ||
| 005 | 20221125122539.9 | ||
| 041 | 0 | |a pol | |
| 044 | |a PL | ||
| 245 | 1 | 0 | |a Polityka kadrowa w restrukturyzacji przemyslu. |c T. Pietrzkiewicz |
| 520 | |a Kvalifikácia priemyselných kádrov v Poľsku. Autor odmieta tvrdenie, že poľské kádre nie sú schopné konkurovať zahraničným odborníkom. Motivovanie pracovníkov na potrebné odmeňovanie. Stabilita zamestnanosti základných špeciálnych kádrov. | ||
| 610 | 2 | 0 | |a priemysel |
| 610 | 2 | 0 | |a zmeny štruktúrne |
| 610 | 2 | 0 | |a PR |
| 610 | 2 | 0 | |a kvalifikácia |
| 610 | 2 | 0 | |a motivácia |
| 610 | 2 | 0 | |a odmeňovanie |
| 610 | 2 | 0 | |a pracovníci odborní |
| 610 | 2 | 0 | |a zamestnanosť |
| 100 | 1 | |a Pietrzkiewicz, T. | |